| 000 | 01030nas a2200253 a 4500 | ||
|---|---|---|---|
| 005 | 20171006153610.0 | ||
| 008 | 130712c20129999ck qrzp r 0 b0spa d | ||
| 022 | _a2322-7265 | ||
| 040 |
_aCO-BoBLA _cCO-BoBLA _dCO-BoIAVH |
||
| 041 | 0 | _aspa | |
| 044 | _ack | ||
| 090 | _aSE | ||
| 245 | 0 | 0 |
_aDe memoria : _brevista del Archivo de Bogotá |
| 260 |
_aBogotá (Colombia) : _bArchivo de Bogotá, _c2012-. |
||
| 300 |
_bilustraciones a color y fotografías a color ; _c27 cm. |
||
| 610 | 2 | 0 |
_aArchivo de Bogotá (Colombia) _xHistoria _vPublicaciones periódicas _985815 |
| 650 | 2 | 6 |
_aGestión de documentos _vPublicaciones periódicas |
| 650 | 2 | 6 |
_aGestión de archivos _zBogotá (Colombia) _vPublicaciones periódicas |
| 650 | 2 | 6 |
_aArchivos _xConservación _vPublicaciones periódicas |
| 650 | 2 | 6 |
_aPatrimonio cultural _z Bogotá (Colombia) _vPublicaciones periódicas |
| 710 | 2 | _aArchivo de Bogotá (Colombia) | |
| 710 | 1 |
_aBogotá (Colombia). _bAlcaldía Mayor |
|
| 942 |
_2z _cREVISTA |
||
| 999 |
_c19921 _d19921 |
||